| 000 | 02563agaaa2200337 4500 | ||
|---|---|---|---|
| 001 | 1586 | ||
| 003 | IT-RoPAU | ||
| 005 | 20220918181233.0 | ||
| 007 | d cvaizq | ||
| 008 | 50131s9999||||xx ||| | || ||und|| | ||
| 040 |
_aIT-RoPAU _cIT-RoPAU |
||
| 041 | _aITALIANO | ||
| 100 |
_aPollack Sydney _gCodice regista SPICS: 1628 _941573 |
||
| 130 |
_aNON SI UCCIDONO COSI' ANCHE I CAVALLI? _941574 |
||
| 240 |
_aTHEY SHOOT HORSES, DON'T THEY? _gT1716 |
||
| 245 |
_aNON SI UCCIDONO COSI' ANCHE I CAVALLI? _cProdotto da: Winkler Chartoff -- Sceneggiatura: Poe James Thompson Robert E. -- Diretto da: Pollack Sydney _pNON SI UCCIDONO COSI' ANCHE I CAVALLI? (Rif. Codice opera principale : 21586) |
||
| 246 | _aTHEY SHOOT HORSES, DON'T THEY? | ||
| 250 | _aEdizione Standard | ||
| 260 |
_a(USA) _bCHARTOFF ROBERT - WINKLER IRWIN / Distribuzione: RAI _g"1969 (1° ed.: 1982 ; Ed. Lingua Orig.: 1969)" |
||
| 300 |
_aVHS _bsonoro, col. _c119 minuti |
||
| 508 | _a"Fotografia: Lathrop Philip H.; Montaggio: Steinkamp Fredric; Musica: Green John; Sceneggiatura: Poe James Thompson Robert E.; Scenografia: Horner Harry; " | ||
| 511 | _a"Fonda Jane; Sarrazin Michael; York Susannah; Young Gig; Bedella Bonnie; Conrad M." | ||
| 520 | _aNEGLI STATI UNITI DURANTE LA GRANDE DEPRESSIONE SEGUITA ALLA CRISI DEL 1929 SONO MOLTO IN VOGA LE MARATONE DI BALLO SFIBRANTI GARE CHE VEDONO POVERE COPPIE DI DISPERATI IMPEGNATI A DANZARE PER GIORNI E GIORNI A CACCIA DI UN COSPICUO PREMIO DI DOLLARI A UNO DI QUESTI CRUDELI SPETTACOLI ORGANIZZATI DA IMPRESARI SENZA SCRUPOLI E CHE SI SVOLGONO DI FRONTE AD UN PUBBLICO AVIDODI SENSAZIONI MALSANE PARTECIPANO TRA GLI ALTRI UNA ASPIRANTE ATTRICE CHE SPERA VINCENDO DI OTTENERE UN CONTRATTO CINEMATOGRAFICO E FINISCE, INVECE, PER DIVENTARE PAZZA UN MARINAIO AVANTI NEGLI ANNI CHE SI PRODIGA FINO A CROLLARE COME MORTO UNA GIOVANE DONNA INCINTA ACCOMPAGNATA DAL MARITO E INFINEUNA RAGAZZA GLORIA SEGNATA DALLA DISPERAZIONE E PER LA QUALE VINCERE SEMBRA DAVVERO UNA QUESTIONE VITALE QUANDO SI RENDE CONTO PERO' CHE NEMMENO LA VITTORIA POTRA' CAMBIARE LA SUA ESISTENZA GLORIA INDUCE IL SUO COMPAGNO DI BALLO ROBERTO A UCCIDERLA CON UN COLPO DI PISTOLA FILM A COLORI | ||
| 538 | _aPAL, STEREO | ||
| 546 | _aITALIANO | ||
| 650 |
_aDRAMMATICO _eFILMS [VHS] _xCodice MATERIA SPICS: 9960 _934083 |
||
| 700 |
_aGreen John _e(musica) _gCodice Musica SPICS: 29755 _941575 |
||
| 700 |
_aMc Coy Horace _e(soggetto) _gCodice Soggetto SPICS: 29757 _941576 |
||
| 700 |
_aPollack Sydney _e(regista) _gCodice regista SPICS: 1628 _941577 |
||
| 942 |
_cVH _2ddc |
||
| 999 |
_c105467 _d105467 |
||